Sistemas de alimentación de combustibles, lubricación y refrigeraci'on del automovil: descripción, funcionamiento y conservación
Sparad:
| Huvudupphovsman: | |
|---|---|
| Materialtyp: | Bok |
| Språk: | spanska |
| Publicerad: |
Barcelona
Marcondo
1978
|
| Ämnen: | |
| Taggar: |
Lägg till en tagg
Inga taggar, Lägg till första taggen!
|
MARC
| LEADER | 00000nam a2200000 a 4500 | ||
|---|---|---|---|
| 001 | UCW2186 | ||
| 003 | CL-VaPUC | ||
| 008 | 921111e19780000SP |||||||||||||||||spa|d | ||
| 082 | 0 | 4 | |a 629.256 |b CRO |2 21 |
| 100 | 0 | |a Crouse, William H |e author |9 306144 | |
| 245 | 1 | 0 | |a Sistemas de alimentación de combustibles, lubricación y refrigeraci'on del automovil: descripción, funcionamiento y conservación |
| 300 | |a 338 p | ||
| 942 | |c BK | ||
| 945 | |d 19921111 00:00:00 | ||
| 260 | |a Barcelona |b Marcondo |c 1978 | ||
| 650 | 7 | |a MOTORES DE AUTOMOVILES REFRIGERACION |2 CL-VaPUC |9 271890 | |
| 650 | 0 | |a Sistemas de lubricación |9 271891 | |
| 583 | |a last modification |c 19921111 00:00:00 |k Rodrigo Vera | ||
| 999 | |c 216794 |d 216792 | ||
| 952 | |0 0 |1 0 |4 0 |6 629_256000000000000_CRO_1978 |7 0 |8 A |9 203023 |a BIBMEC |b BIBMEC |d 2019-11-14 |i 2702819 |o 629.256 CRO 1978 |p 2702819 |r 2024-01-19 |w 2019-11-14 |y BK |k MEC | ||